Módulo de intervención en crisis: violencia sexual /

Salvato in:
Dettagli Bibliografici
Autore principale: Claramunt M., Cecilia
Altri autori: comp
Natura: testo
Pubblicazione: San José: UCR. FCS. EPS
Soggetti:
Tags: Aggiungi Tag
Nessun Tag, puoi essere il primo ad aggiungerne!!

MARC

LEADER 00000 a a2200000 04500
001 33140
003
040
090 |a 206505  
100 |a Claramunt M., Cecilia  
245 |a Módulo de intervención en crisis: violencia sexual /  |c Cecilia Claramunt M. 
260 |a San José:   |b UCR. FCS. EPS  
300 |a 151 p.  
650 |a ABUSO DE MENORES  
650 |a ABUSO SEXUAL  
650 |a ASPECTOS PSICOLOGICOS  
650 |a ASPECTOS SOCIALES  
700 |a comp.  
999 |c 13975  |d 13975